000
00218nam a22000857a 4500
008
160704b xxu||||| |||| 00| 0 eng d
100
_9
2000
_a
Bangur, P
245
_a
Mehandi Designs
260
_a
Mumbai
_b
Navneet Publications
999
_c
1700
_d
1700